Ekonomicko-sociálne aspekty poľnohospodárstva
Skúmanie efektov vybraných ekonomických-sociálnych aspektov poľnohospodárstva.
Gespeichert in:
| 1. Verfasser: | |
|---|---|
| Weitere Verfasser: | , |
| Format: | Buchkapitel |
| Sprache: | Slowakisch |
| Schlagworte: | |
| Tags: |
Keine Tags, Fügen Sie das erste Tag hinzu!
|
MARC
| LEADER | 00000nla a2200000 4500 | ||
|---|---|---|---|
| 001 | 0206623 | ||
| 005 | 20251210130327.7 | ||
| 041 | 0 | |a slo | |
| 044 | |a SK | ||
| 245 | 1 | 0 | |a Ekonomicko-sociálne aspekty poľnohospodárstva |c Zuzana Chrastinová, Svetlana Belešová, Mária Jamborová |
| 520 | |a Skúmanie efektov vybraných ekonomických-sociálnych aspektov poľnohospodárstva. | ||
| 610 | 2 | 0 | |a poľnohospodárstvo |
| 610 | 2 | 0 | |a poľnohospodárstvo sociálne |
| 610 | 2 | 0 | |a vidiek |
| 610 | 2 | 0 | |a zamestnanosť |
| 610 | 2 | 0 | |a zamestnanci |
| 610 | 2 | 0 | |a vek |
| 610 | 2 | 0 | |a mzdy priemerné |
| 610 | 2 | 0 | |a podpora podnikania |
| 610 | 2 | 0 | |a Slovensko |
| 100 | 1 | |a Chrastinová, Zuzana | |
| 700 | 1 | |a Belešová, Svetlana | |
| 700 | 1 | |a Jamborová, Mária | |